书目信息 |
| 题名: |
呼吸病调养与康复
|
|
| 作者: | 陈瑜 主编 | |
| 分册: | ||
| 出版信息: | 广州 广东世界图书出版公司 2008 |
|
| 页数: | 12,252页 | |
| 开本: | 21cm | |
| 丛书名: | 常见病调养与康复丛书 | |
| 单 册: | ||
| 中图分类: | R560.9 | |
| 科图分类: | ||
| 主题词: | 呼吸系统疾病--康复 , 呼吸系统疾病 | |
| 电子资源: | ||
| ISBN: | 978-7-5062-8047-1 | |
| 000 | 00972oam2 2200253 450 | |
| 001 | 1531163040 | |
| 005 | 20150130083951.57 | |
| 010 | @a978-7-5062-8047-1@dCNY19.00 | |
| 100 | @a20080530d2008 em y0chiy50 ea | |
| 101 | 0 | @achi |
| 102 | @aCN@b440000 | |
| 105 | @aa z 000yy | |
| 200 | 1 | @a呼吸病调养与康复@9hu xi bing tiao yang yu kang fu@f陈瑜主编 |
| 210 | @a广州@c广东世界图书出版公司@d2008 | |
| 215 | @a12,252页@c图@d21cm | |
| 225 | 2 | @a常见病调养与康复丛书 |
| 330 | @a本书从中西并重、辨证辨病结合两个方面分别阐述了西医、中医对呼吸病的认识,并简介了呼吸病常见症状、中西医处理方法;选择了最常见、最具代表性的原发性、继发性呼吸病,以西医病名为纲,从临床实际出发分别阐述西医、中医对每种疾病的认识,着重介绍了中西医康复调养方法。 | |
| 461 | 0 | @12001 @a常见病调养与康复丛书 |
| 606 | 0 | @a呼吸系统疾病@x康复 |
| 606 | 0 | @a呼吸系统疾病 |
| 690 | @aR560.9@v5 | |
| 701 | 0 | @a陈瑜@9chen yu@c(医学)@4主编 |
| 801 | 0 | @aCN@bTSSF@c20150130 |
| 905 | @aZUCC@dR560.9@eJY356 | |
| 呼吸病调养与康复/陈瑜主编.-广州:广东世界图书出版公司,2008 |
| 12,252页:图;21cm.-(常见病调养与康复丛书) |
| ISBN 978-7-5062-8047-1:CNY19.00 |
| 本书从中西并重、辨证辨病结合两个方面分别阐述了西医、中医对呼吸病的认识,并简介了呼吸病常见症状、中西医处理方法;选择了最常见、最具代表性的原发性、继发性呼吸病,以西医病名为纲,从临床实际出发分别阐述西医、中医对每种疾病的认识,着重介绍了中西医康复调养方法。 |
| ● |
| 相关链接 |
|
|
|
|
正题名:呼吸病调养与康复
索取号:R560.9/JY356
 
预约/预借
| 序号 | 登录号 | 条形码 | 馆藏地/架位号 | 状态 | 备注 |
| 1 | 7862392 | 278623928 | 学院路分馆/ [索取号:R560.9/JY356] | 在馆 | |
| 2 | 7862393 | 278623937 | 学院路分馆/ [索取号:R560.9/JY356] | 在馆 | |
| 3 | 7862394 | 278623946 | 学院路分馆/ [索取号:R560.9/JY356] | 在馆 |